| 000 | 01180nas a22002891 #4500 | ||
|---|---|---|---|
| 001 | 2158 | ||
| 003 | ES-MaACL | ||
| 005 | 20250822100006.0 | ||
| 007 | t| | ||
| 008 | 950801d18941959fr z| p | 1 ||re d | ||
| 022 | _a1154-7499 | ||
| 080 | _a44 | ||
| 245 | 0 | 3 |
_aLe Rire _b: journal humoristique. |
| 246 | 3 | _aLe Rire (Paris. 1894) | |
| 246 | 3 | 3 |
_aLe Rire rouge _f, nov. 1914-1918 |
| 260 |
_aParis : _bF. Juven, _c1894-1959. |
||
| 300 |
_a22 v. : _bil., grab. ; _c31 cm. |
||
| 310 |
_aMensual, _b1946- |
||
| 321 | _aDecenal | ||
| 362 | 1 | _aN° 1 (1894, 10 novembre)-9e année, n° 430 (1903, 31 janvier) ; n.s., n° 1 (1903, 7 février)-n° 600 (1914, 1er août) ; édition de guerre, n° 1 (1914, 21 novembre)-n° 215 (1918, 28 décembre) ; 25e année, n° 1 (1919, 4 janvier)-46e année, n° 1070/1071 (1940, 1er juin) ; n.s., n° 1 (1946, janvier)-n° 49 (1949, Noël) ; n.s., n° 1 (1951, octobre)-n° 235 (1971, avril) [?] | |
| 650 | 1 | 7 |
_aSátira _2embne _916997 |
| 700 | 1 |
_aJuven, Félix. _9128414 |
|
| 852 |
_aES-MaACL _jZ-41 _dOlim: Hem-540 |
||
| 866 | 0 | _o(1896) 1897-1905 (1906) 1907-09 (1910) 1911-19 (1920). | |
| 942 | _2udc | ||
| 999 |
_c2158 _d2158 |
||